Managing individual and group behaviour in organizations (Record no. 82553)

MARC details
000 -LEADER
fixed length control field 00763nam a2200181 a 4500
008 - FIXED-LENGTH DATA ELEMENTS--GENERAL INFORMATION
fixed length control field 120416s1983 ||||||||||||||||| || u
050 ## - LIBRARY OF CONGRESS CALL NUMBER
Classification number HD 58.7 Fel
100 ## - MAIN ENTRY--PERSONAL NAME
Personal name Feldman, Daniel C
245 10 - TITLE STATEMENT
Title Managing individual and group behaviour in organizations
250 ## - EDITION STATEMENT
Edition statement Internatio
260 ## - PUBLICATION, DISTRIBUTION, ETC.
Place of publication, distribution, etc. Auckland
Name of publisher, distributor, etc. McGraw-Hill
Date of publication, distribution, etc. 1983
300 ## - PHYSICAL DESCRIPTION
Extent xxii, 613p. : ill
350 ## -
-- 0.00
650 #0 - SUBJECT ADDED ENTRY--TOPICAL TERM
Topical term or geographic name entry element MANAGEMENT
650 ## - SUBJECT ADDED ENTRY--TOPICAL TERM
Topical term or geographic name entry element ORGANIZATIONAL BEHAVIOUR
995 ## -
-- MAIN LIBRARY OPEN ACCESS
-- 0.00
-- 709347
-- CBU-MAIN LIBRARY (Kitwe)
-- 1
-- 10.90
-- HD 58.7 Fel
-- 2
-- LOST
-- Mar 11, 2013
-- 003594
-- Main Library Open Access Collection
995 ## -
-- BINDERY (DAMAGED)
-- 0.00
-- 709348
-- CBU-MAIN LIBRARY (Kitwe)
-- 2
-- 10.90
-- HD 58.7 Fel
-- 1
-- DAMAGED
-- 003593
-- Main Library Open Access Collection
999 ## -
-- 82553
-- 82553
Holdings
Withdrawn status Lost status Source of classification or shelving scheme Damaged status Not for loan Permanent Location Current Location Shelving location Date acquired Total Checkouts Full call number Barcode Date last seen Copy number Price effective from Koha item type
          CBU-MAIN LIBRARY, KITWE. CBU-MAIN LIBRARY, KITWE.   09/29/2023   HD 58.7 Fel 003594 09/29/2023 1 09/29/2023 MONOGRAPH
          CBU-MAIN LIBRARY, KITWE. CBU-MAIN LIBRARY, KITWE.   09/29/2023   HD 58.7 Fel 003593 09/29/2023 2 09/29/2023 MONOGRAPH